|
|
|
|
| LEADER |
01568cas a2200241 a 4500 |
| 001 |
AALejournalIMF002269 |
| 008 |
230101c9999 xx r poo 0 0eng d |
| 020 |
|
|
|c 5.00 USD
|
| 020 |
|
|
|z 9781451843767
|
| 022 |
|
|
|a 1018-5941
|
| 040 |
|
|
|a BD-DhAAL
|c BD-DhAAL
|
| 100 |
1 |
|
|a Melhado Orellana, Oscar.
|
| 245 |
1 |
0 |
|a Fiscal Sustainability and Resource Mobilization in the Dominican Republic /
|c Oscar Melhado Orellana.
|
| 264 |
|
1 |
|a Washington, D.C. :
|b International Monetary Fund,
|c 2003.
|
| 300 |
|
|
|a 1 online resource (35 pages)
|
| 490 |
1 |
|
|a IMF Working Papers
|
| 500 |
|
|
|a <strong>Off-Campus Access:</strong> No User ID or Password Required
|
| 500 |
|
|
|a <strong>On-Campus Access:</strong> No User ID or Password Required
|
| 506 |
|
|
|a Electronic access restricted to authorized BRAC University faculty, staff and students
|
| 520 |
3 |
|
|a This paper examines fiscal sustainability and resource mobilization in the Dominican Republic. The fiscal position appears to be sustainable, if resource mobilization is strengthened. If expenditure continues to rise (relative to GDP), without any further fiscal adjustment, indicators of sustainability would begin to deteriorate. It would be important to maintain an appropriate mix between additional financing and fiscal adjustment, in order that the future debt burden does not rise excessively.
|
| 538 |
|
|
|a Mode of access: Internet
|
| 830 |
|
0 |
|a IMF Working Papers; Working Paper ;
|v No. 2003/019
|
| 856 |
4 |
0 |
|z Full text available on IMF
|u http://elibrary.imf.org/view/journals/001/2003/019/001.2003.issue-019-en.xml
|z IMF e-Library
|